• 首页
  • 本馆介绍
  • 公告通知
  • 最新文献
  • 馆藏检索
  • 电子资源
  • 读者导购
  • 参考咨询
  • 我的图书馆
  • 登录
  • 详细信息显示
  • 放入我的书架
  • 预约/预借图书
  • 作者相关作品
  • 分类相关作品
  • 丛书相关作品
  • 出版社相关作品

书目信息

  • 表格格式
  • 工作单格式
  • 卡片格式
题名:
中国佛教与宋明理学
    
 
作者: 陈运宁 著
分册:  
出版信息: 长沙   湖南出版社  2002
页数: 204页
开本: 20cm
丛书名: 学海一牛鸣
单 册:
中图分类: B244.05
科图分类:
主题词: 佛教--影响--理学--研究--中国--宋代 , 佛教--影响--理学--研究--中国--明代
电子资源:
ISBN: 7-5438-2062-5
000 00944nam2 2200253 45
001 0412020826
005 20041202081746.5
010    @a7-5438-2062-5@dCNY11.50
100    @a20041202d2002 km y0chiy0120 ea
101 0  @achi
105    @a z 000yy
200 1  @a中国佛教与宋明理学@AZhong Guo Fo Jiao Yu Song Ming Li Xue@e一次本土文化与外来文化融合的成功例证@EYi Ci Ben Tu Wen Hua Yu Wai Lai Wen Hua Rong He De Cheng Gong Li Zheng@f陈运宁著@FChen Yun Ning Zhu
205    @a2版
210    @a长沙@c湖南出版社@d2002
215    @a204页@d20cm
225    @a学海一牛鸣
410    @12001 @a学海一牛鸣
517    @a一次本土文化与外来文化融合的成功例证@AYi Ci Ben Tu Wen Hua Yu Wai Lai Wen Hua Rong He De Cheng Gong Li Zheng
606 0  @a佛教@x影响@x理学@x研究@y中国@z宋代
606 0  @a佛教@x影响@x理学@x研究@y中国@z明代
690    @aB244.05@v4
701    @a陈运宁@4著
801    @aCN@bTSTCL@c20041202
905    @b336215-222@dB244.05@e31=2@f8
    
    中国佛教与宋明理学:一次本土文化与外来文化融合的成功例证/陈运宁著.-2版.-长沙:湖南出版社,2002
    204页;20cm.-(学海一牛鸣)
    
    
    ISBN 7-5438-2062-5:CNY11.50
    
●
相关链接 在E读中查询图书 在五车中查询图书 在当当中查询图书 在豆瓣中查询图书


正题名:中国佛教与宋明理学     索取号:B244.05/31=2         预约/预借

序号 登录号 条形码 馆藏地/架位号 状态 备注
1 0336215   203362155   密集书库/ [索取号:B244.05/31=2] 在馆    
2 0336216   203362164   第一借阅区/ [索取号:B244.05/31=2] 在馆    
3 0336217   203362173   密集书库/ [索取号:B244.05/31=2] 在馆    
4 0336218   203362182   教育系资料室/ [索取号:B244.05/31=2] 在馆    
5 0336219   203362191   密集书库/ [索取号:B244.05/31=2] 在馆    
6 0336220   203362208   第一借阅区/ [索取号:B244.05/31=2] 在馆    
7 0336221   203362217   教育系资料室/ [索取号:B244.05/31=2] 在馆    
8 0336222   203362226   第一样本阅览室/ [索取号:B244.05/31=2] 在馆    
唐山师范学院图书馆 欢迎您!
大连网信软件有限公司© 版权所有